Welcome to WEB OPAC of MRSPTU Central Library

Network analysis (Record no. 697)

MARC details
000 -LEADER
fixed length control field 00385nam a2200157Ia 4500
008 - FIXED-LENGTH DATA ELEMENTS--GENERAL INFORMATION
fixed length control field 230711s9999||||xx |||||||||||||| ||und||
041 ## - LANGUAGE CODE
Language code of text/sound track or separate title ENG
082 ## - DEWEY DECIMAL CLASSIFICATION NUMBER
Classification number 4
Item number VA-N
100 ## - MAIN ENTRY--PERSONAL NAME
Personal name Valkenburg,ME Van
245 #0 - TITLE STATEMENT
Title Network analysis
250 ## - EDITION STATEMENT
Edition statement 1st
260 ## - PUBLICATION, DISTRIBUTION, ETC.
Date of publication, distribution, etc. 1974
Place of publication, distribution, etc. New Delhi
Name of publisher, distributor, etc. Prentice-Hall of India Private Limited
300 ## - PHYSICAL DESCRIPTION
Extent 571
650 ## - SUBJECT ADDED ENTRY--TOPICAL TERM
Topical term or geographic name entry element Electrical Engineering
942 ## - ADDED ENTRY ELEMENTS (KOHA)
Koha item type Book
Holdings
Withdrawn status Lost status Damaged status Not for loan Collection Home library Current library Date acquired Total checkouts Full call number Barcode Date last seen Price effective from Koha item type
          MRSPTU Central Library MRSPTU Central Library     4 VA-N 3161 08/17/2023 08/17/2023 Book
          MRSPTU Central Library MRSPTU Central Library     4 VA-N 3162 08/17/2023 08/17/2023 Book
          MRSPTU Central Library MRSPTU Central Library     4 VA-N 3163 08/17/2023 08/17/2023 Book
          MRSPTU Central Library MRSPTU Central Library     4 VA-N 3164 08/17/2023 08/17/2023 Book
          MRSPTU Central Library MRSPTU Central Library     4 VA-N 7215 03/06/2024 08/17/2023 Book
          MRSPTU Central Library MRSPTU Central Library     4 VA-N 7216 08/17/2023 08/17/2023 Book
          MRSPTU Central Library MRSPTU Central Library     4 VA-N 7217 08/17/2023 08/17/2023 Book
          MRSPTU Central Library MRSPTU Central Library     4 VA-N 7218 08/17/2023 08/17/2023 Book
          MRSPTU Central Library MRSPTU Central Library     4 VA-N 7219 08/17/2023 08/17/2023 Book

Website Designed and Developed by MRSPTU Central Library Team

E-mail Id: librarian@mrsptu.ac.in